|
|
|
|
| LEADER |
01024nam a2200253 i 4500 |
| 001 |
12176106 |
| 003 |
GR-PaULI |
| 005 |
20240716081702.0 |
| 008 |
000916s1995 nyuau g 0 0eng d |
| 010 |
|
|
|a 00208611
|
| 020 |
|
|
|a 2831513278
|
| 040 |
|
|
|a NWM
|c DLC
|b gre
|d GR-PaULI
|e AACR2
|
| 082 |
0 |
4 |
|a 910.45
|2 23
|
| 100 |
1 |
|
|9 204229
|a Ward, Douglas
|e συγγραφέας.
|
| 245 |
0 |
0 |
|a Berlitz complete guide to cruising and cruise ships /
|c by Douglas Ward.
|
| 246 |
3 |
0 |
|a Complete guide to cruising and cruise ships
|
| 260 |
|
|
|a New York ;
|a Oxford, England :
|b Berlitz Pub. Co.,
|c c1995.
|
| 300 |
|
|
|a 431 σ. :
|b εικ. ;
|c 23 εκ.
|
| 650 |
|
4 |
|a Κρουαζιερόπλοια
|v Οδηγοί
|9 204232
|
| 650 |
|
4 |
|a Θαλάσσια ταξίδια
|v Οδηγοί
|9 204231
|
| 942 |
|
|
|2 ddc
|c BK
|
| 952 |
|
|
|0 0
|1 0
|2 ddc
|4 0
|6 910_450000000000000_WAR
|7 0
|9 382026
|a LISP
|b LISP
|c BSC
|d 2024-07-16
|i 367039
|l 0
|o 910.45 WAR
|p 025000311971
|r 2024-07-16 00:00:00
|t 1
|w 2024-07-16
|y BK15
|
| 998 |
|
|
|c ΜΙΧΟΣΤΑΥΡΟΥ
|d 2024-06
|
| 999 |
|
|
|c 221515
|d 221515
|